[Event "36th European Club Cup 2021"]
[Site "Struga"]
[Date "2021.09.22"]
[Round "5.39"]
[White "Suleymanli, Aydin"]
[Black "Vaisser, Anatoly"]
[Result "1/2-1/2"]
[WhiteElo "2536"]
[BlackElo "2494"]
[Annotator "ChessBase"]
[PlyCount "60"]
[EventDate "2021.09.18"]
[EventType "team-tourn"]
[EventCountry "MKD"]
[SourceTitle "playchess.com"]
[Source "ChessBase"]
[SourceQuality "1"]
[TimeControl "40/5400+30:1800+30"]

1. d4 {[%emt 0:00:03]} e6 {[%emt 0:00:20]} 2. c4 {[%emt 0:00:15]} f5 {[%emt 0:
00:33]} 3. Nc3 {[%emt 0:00:21]} Nf6 {[%emt 0:00:19]} 4. e3 {[%emt 0:00:47]} b6
{[%emt 0:00:52]} 5. Bd3 {[%emt 0:00:20]} Bb7 {[%emt 0:00:09]} 6. f3 {[%emt 0:
00:08]} c5 {[%emt 0:02:19]} 7. d5 {[%emt 0:01:09]} exd5 {[%emt 0:01:18]} 8.
cxd5 {[%emt 0:00:34]} Nxd5 {[%emt 0:01:43]} 9. Nxd5 {[%emt 0:01:26]} Bxd5 {
[%emt 0:00:04]} 10. Bxf5 {[%emt 0:00:10]} Bf7 {[%emt 0:09:32]} 11. Qa4 {
[%emt 0:03:54]} Nc6 {[%emt 0:01:39]} 12. Bd2 {[%emt 0:03:15]} Qf6 {[%emt 0:09:
34]} 13. Qe4+ {[%emt 0:02:20]} Be7 {[%emt 0:01:55]} 14. Bc3 {[%emt 0:04:04]}
Qh4+ {[%emt 0:03:55]} 15. Qxh4 {[%emt 0:00:40]} Bxh4+ {[%emt 0:00:04]} 16. g3 {
[%emt 0:00:10]} Bf6 {[%emt 0:00:19]} 17. Bxf6 {[%emt 0:00:33]} gxf6 {[%emt 0:
00:03]} 18. O-O-O {[%emt 0:04:29]} Rd8 {[%emt 0:03:39]} 19. Kb1 {[%emt 0:04:16]
} d5 {[%emt 0:03:48]} 20. f4 {[%emt 0:03:32]} O-O {[%emt 0:05:25]} 21. Nf3 {
[%emt 0:00:12]} Rfe8 {[%emt 0:00:57]} 22. Rhe1 {[%emt 0:00:05]} Ne7 {[%emt 0:
05:38]} 23. Bd3 {[%emt 0:01:54]} Bg6 {[%emt 0:00:54]} 24. Bxg6 {[%emt 0:04:58]}
hxg6 {[%emt 0:00:52]} 25. e4 {[%emt 0:00:29]} dxe4 {[%emt 0:01:05]} 26. Rxd8 {
[%emt 0:02:29]} Rxd8 {[%emt 0:00:03]} 27. Rxe4 {[%emt 0:00:14]} Kf7 {[%emt 0:
00:21]} 28. Kc2 {[%emt 0:00:06]} Nc6 {[%emt 0:03:14]} 29. a3 {[%emt 0:00:29]}
b5 {[%emt 0:01:25]} 30. Re2 {[%emt 0:02:21]} Nd4+ {[%emt 0:43:31]} 1/2-1/2

[Event "36th European Club Cup 2021"]
[Site "Struga"]
[Date "2021.09.22"]
[Round "5.40"]
[White "Olivier, Pierre"]
[Black "Sadikhov, Ulvi"]
[Result "0-1"]
[WhiteElo "2215"]
[BlackElo "2509"]
[Annotator "ChessBase"]
[PlyCount "72"]
[EventDate "2021.09.18"]
[EventType "team-tourn"]
[EventCountry "MKD"]
[SourceTitle "playchess.com"]
[Source "ChessBase"]
[SourceQuality "1"]
[TimeControl "40/5400+30:1800+30"]

1. Nf3 {[%emt 0:00:03]} g6 {[%emt 0:00:08]} 2. d4 {[%emt 0:03:53]} Bg7 {
[%emt 0:00:11]} 3. c4 {[%emt 0:00:27]} d6 {[%emt 0:00:04]} 4. Nc3 {[%emt 0:00:
24]} Nf6 {[%emt 0:00:39]} 5. e4 {[%emt 0:01:33]} Bg4 {[%emt 0:00:14]} 6. Be2 {
[%emt 0:01:01]} Nfd7 {[%emt 0:00:06]} 7. Be3 {[%emt 0:02:15]} O-O {[%emt 0:00:
21]} 8. O-O {[%emt 0:02:06]} Nc6 {[%emt 0:00:15]} 9. d5 {[%emt 0:01:42]} Bxf3 {
[%emt 0:00:11]} 10. Bxf3 {[%emt 0:00:23]} Na5 {[%emt 0:00:15]} 11. Be2 {
[%emt 0:01:00]} Bxc3 {[%emt 0:00:15]} 12. bxc3 {[%emt 0:00:13]} e5 {[%emt 0:00:
05]} 13. dxe6 {[%emt 0:02:12]} fxe6 {[%emt 0:00:05]} 14. f4 {[%emt 0:02:28]} b6
{[%emt 0:00:06]} 15. f5 {[%emt 0:07:18]} Qe7 {[%emt 0:01:52]} 16. Bh6 {[%emt 0:
07:11]} Rf7 {[%emt 0:02:37]} 17. fxg6 {[%emt 0:04:22]} Rxf1+ {[%emt 0:15:46]}
18. Qxf1 {[%emt 0:03:13]} hxg6 {[%emt 0:00:06]} 19. Qf4 {[%emt 0:03:19]} Ne5 {
[%emt 0:18:18]} 20. Qg3 {[%emt 0:22:25]} Qh7 {[%emt 0:01:28]} 21. Bf4 {[%emt 0:
08:42]} Naxc4 {[%emt 0:00:44]} 22. Bd1 {[%emt 0:08:59]} b5 {[%emt 0:11:43]} 23.
Bb3 {[%emt 0:00:42]} Rf8 {[%emt 0:09:03]} 24. Bxe5 {[%emt 0:02:53]} Nxe5 {
[%emt 0:00:13]} 25. Bxe6+ {[%emt 0:00:07]} Kg7 {[%emt 0:00:22]} 26. Qe3 {
[%emt 0:08:11]} Rf6 {[%emt 0:00:31]} 27. Bh3 {[%emt 0:03:20]} c5 {[%emt 0:02:
13]} 28. a4 {[%emt 0:01:50]} bxa4 {[%emt 0:00:58]} 29. Rxa4 {[%emt 0:00:09]}
Kg8 {[%emt 0:00:19]} 30. Ra1 {[%emt 0:00:50]} Qf7 {[%emt 0:01:41]} 31. Rb1 {
[%emt 0:00:56]} Qa2 {[%emt 0:05:39]} 32. Rd1 {[%emt 0:01:01]} Nc4 {[%emt 0:05:
39]} 33. Qg3 {[%emt 0:00:19]} Qc2 {[%emt 0:05:38]} 34. Re1 {[%emt 0:00:03]} Ne5
{[%emt 0:00:48]} 35. Bc8 {[%emt 0:00:49]} Nd3 {[%emt 0:01:09]} 36. Ra1 {
[%emt 0:00:25]} Qxc3 {[%emt 0:00:16]} 0-1

[Event "36th European Club Cup 2021"]
[Site "Struga"]
[Date "2021.09.22"]
[Round "5.41"]
[White "Ahmadzada, Ahmad"]
[Black "Kirszenberg, Marc"]
[Result "1-0"]
[WhiteElo "2462"]
[BlackElo "2139"]
[Annotator "ChessBase"]
[PlyCount "51"]
[EventDate "2021.09.18"]
[EventType "team-tourn"]
[EventCountry "MKD"]
[SourceTitle "playchess.com"]
[Source "ChessBase"]
[SourceQuality "1"]
[TimeControl "40/5400+30:1800+30"]

1. e4 {[%emt 0:00:05]} c6 {[%emt 0:00:01]} 2. d3 {[%emt 0:00:25]} d5 {[%emt 0:
00:14]} 3. Nd2 {[%emt 0:00:07]} e5 {[%emt 0:00:08]} 4. Ngf3 {[%emt 0:00:08]}
Bd6 {[%emt 0:00:06]} 5. d4 {[%emt 0:00:10]} exd4 {[%emt 0:00:58]} 6. Bd3 {
[%emt 0:00:08]} Ne7 {[%emt 0:04:05]} 7. O-O {[%emt 0:00:16]} O-O {[%emt 0:01:
07]} 8. e5 {[%emt 0:05:19]} Bc7 {[%emt 0:02:03]} 9. Nb3 {[%emt 0:00:08]} h6 {
[%emt 0:13:03]} 10. Re1 {[%emt 0:00:38]} Nd7 {[%emt 0:01:55]} 11. Nbxd4 {
[%emt 0:15:19]} Nc5 {[%emt 0:01:36]} 12. h3 {[%emt 0:13:40]} Nxd3 {[%emt 0:04:
08]} 13. Qxd3 {[%emt 0:00:24]} c5 {[%emt 0:00:50]} 14. Nb5 {[%emt 0:01:46]} Bf5
{[%emt 0:00:55]} 15. Qd1 {[%emt 0:04:16]} d4 {[%emt 0:13:32]} 16. Nh4 {[%emt 0:
11:53]} Be6 {[%emt 0:09:00]} 17. Nxc7 {[%emt 0:01:23]} Qxc7 {[%emt 0:00:19]}
18. Qh5 {[%emt 0:07:34]} Kh7 {[%emt 0:12:53]} 19. f4 {[%emt 0:03:33]} g6 {
[%emt 0:02:05]} 20. Qe2 {[%emt 0:01:59]} f5 {[%emt 0:17:30]} 21. exf6 {[%emt 0:
00:43]} Rxf6 {[%emt 0:00:04]} 22. g4 {[%emt 0:06:14]} Raf8 {[%emt 0:04:23]} 23.
g5 {[%emt 0:03:20]} hxg5 {[%emt 0:00:15]} 24. Nf3 {[%emt 0:00:10]} Rxf4 {
[%emt 0:07:52]} 25. Nxg5+ {[%emt 0:00:55]} Kh8 {[%emt 0:00:33]} 26. Bxf4 {
[%emt 0:01:06]} 1-0

[Event "36th European Club Cup 2021"]
[Site "Struga"]
[Date "2021.09.22"]
[Round "5.42"]
[White "Moingt, Jean-Claude"]
[Black "Ibrahimli, Murad"]
[Result "0-1"]
[WhiteElo "2125"]
[BlackElo "2436"]
[Annotator "NA"]
[PlyCount "90"]
[EventDate "2021.09.18"]
[EventType "team-tourn"]
[EventCountry "MKD"]
[SourceTitle "playchess.com"]
[Source "ChessBase"]
[SourceQuality "1"]
[TimeControl "40/5400+30:1800+30"]

1. e4 {[%emt 0:00:22]} c5 {[%emt 0:00:09]} 2. Nf3 {[%emt 0:00:18]} d6 {[%emt 0:
00:06]} 3. Bb5+ {[%emt 0:01:44]} Nd7 {[%emt 0:00:49]} 4. Ba4 {[%emt 0:00:08]}
Ngf6 {[%emt 0:00:33]} 5. O-O {[%emt 0:00:25]} a6 {[%emt 0:02:25]} 6. c4 {
[%emt 0:08:27]} g6 {[%emt 0:06:35]} 7. Nc3 {[%emt 0:03:23]} Bg7 {[%emt 0:00:14]
} 8. d4 {[%emt 0:08:49]} cxd4 {[%emt 0:00:14]} 9. Nxd4 {[%emt 0:00:10]} O-O {
[%emt 0:00:07]} 10. Bc2 {[%emt 0:03:15]} Ne5 {[%emt 0:01:02]} 11. b3 {[%emt 0:
00:20]} Bd7 {[%emt 0:03:28]} 12. Bb2 {[%emt 0:06:27]} Qb6 {[%emt 0:01:24]} 13.
Rb1 {[%emt 0:06:43]} Nc6 {[%emt 0:00:56]} 14. Nxc6 {[%emt 0:03:29]} Bxc6 {
[%emt 0:00:26]} 15. Nd5 {[%emt 0:00:54]} Bxd5 {[%emt 0:00:29]} 16. exd5 {
[%emt 0:00:16]} Nd7 {[%emt 0:00:32]} 17. Bxg7 {[%emt 0:00:31]} Kxg7 {[%emt 0:
00:05]} 18. Qd2 {[%emt 0:02:23]} a5 {[%emt 0:05:24]} 19. Rbe1 {[%emt 0:00:49]}
Rae8 {[%emt 0:05:24]} 20. Kh1 {[%emt 0:04:12]} Nf6 {[%emt 0:01:34]} 21. f4 {
[%emt 0:03:42]} e6 {[%emt 0:03:22]} 22. dxe6 {[%emt 0:21:19]} Rxe6 {[%emt 0:00:
25]} 23. f5 {[%emt 0:00:54]} Rxe1 {[%emt 0:00:08]} 24. Rxe1 {[%emt 0:00:13]}
Qc5 {[%emt 0:02:52]} 25. Qe3 {[%emt 0:05:02]} Qb4 {[%emt 0:03:08]} 26. Rf1 {
[%emt 0:01:19]} Re8 {[%emt 0:00:08]} 27. Qf3 {[%emt 0:00:45]} g5 {[%emt 0:00:
31]} 28. h3 {[%emt 0:01:02]} h6 {[%emt 0:01:21]} 29. Rd1 {[%emt 0:00:46]} Qc5 {
[%emt 0:01:02]} 30. Qd3 {[%emt 0:03:45]} Re3 {[%emt 0:02:04]} 31. Qd4 {[%emt 0:
01:29]} Re2 {[%emt 0:02:40]} 32. Qxc5 {[%emt 0:06:03]} dxc5 {[%emt 0:01:07]}
33. Rc1 {[%emt 0:01:01]} Nh5 {[%emt 0:00:14]} 34. Bd1 {[%emt 0:00:55]} Re1+ {
[%emt 0:00:10]} 35. Kh2 {[%emt 0:00:04]} Nf4 {[%emt 0:00:09]} 36. Rb1 {[%emt 0:
01:06]} Kf6 {[%emt 0:00:21]} 37. Kg3 {[%emt 0:01:03]} Rg1 {[%emt 0:00:26]} 38.
a3 {[%emt 0:00:35]} Rxg2+ {[%emt 0:00:09]} 39. Kf3 {[%emt 0:00:01]} Ra2 {
[%emt 0:00:10]} 40. h4 {[%emt 0:00:00]} Rxa3 {[%emt 0:00:00]} 41. hxg5+ {
[%emt 0:00:36]} hxg5 {[%emt 0:00:16]} 42. Bc2 {[%emt 0:00:11]} Ra2 {[%emt 0:00:
19]} 43. Be4 {[%emt 0:00:08]} b6 {[%emt 0:00:05]} 44. Rd1 {[%emt 0:00:04]} Rb2
{[%emt 0:00:18]} 45. Rd6+ {[%emt 0:00:22]} Ke5 {[%emt 0:00:04]} 0-1

[Event "36th European Club Cup 2021"]
[Site "Struga"]
[Date "2021.09.22"]
[Round "5.43"]
[White "Heimann, Andreas"]
[Black "Haria, Ravi"]
[Result "1/2-1/2"]
[WhiteElo "2587"]
[BlackElo "2465"]
[Annotator "ChessBase"]
[PlyCount "27"]
[EventDate "2021.09.18"]
[EventType "team-tourn"]
[EventCountry "MKD"]
[SourceTitle "playchess.com"]
[Source "ChessBase"]
[SourceQuality "1"]
[TimeControl "40/5400+30:1800+30"]

1. d4 {[%emt 0:00:53]} e6 {[%emt 0:00:23]} 2. Nf3 {[%emt 0:00:20]} Nf6 {
[%emt 0:00:08]} 3. c4 {[%emt 0:00:03]} d5 {[%emt 0:00:06]} 4. Nc3 {[%emt 0:00:
07]} Bb4 {[%emt 0:00:23]} 5. cxd5 {[%emt 0:02:32]} exd5 {[%emt 0:00:34]} 6. Bg5
{[%emt 0:00:05]} h6 {[%emt 0:00:14]} 7. Bxf6 {[%emt 0:00:46]} Qxf6 {[%emt 0:00:
06]} 8. Qb3 {[%emt 0:00:02]} Qb6 {[%emt 0:07:36]} 9. a3 {[%emt 0:05:18]} Ba5 {
[%emt 0:01:26]} 10. Qc2 {[%emt 0:11:18]} Bf5 {[%emt 0:03:13]} 11. Qa4+ {
[%emt 0:00:05]} Bd7 {[%emt 0:00:10]} 12. Qc2 {[%emt 0:00:04]} Bf5 {[%emt 0:00:
08]} 13. Qa4+ {[%emt 0:00:03]} Bd7 {[%emt 0:00:06]} 14. Qc2 {[%emt 0:00:03]}
1/2-1/2

[Event "36th European Club Cup 2021"]
[Site "Struga"]
[Date "2021.09.22"]
[Round "5.44"]
[White "O`Donnell, Conor"]
[Black "Cvitan, Ognjen"]
[Result "1/2-1/2"]
[WhiteElo "2303"]
[BlackElo "2470"]
[Annotator "ChessBase"]
[PlyCount "60"]
[EventDate "2021.09.18"]
[EventType "team-tourn"]
[EventCountry "MKD"]
[SourceTitle "playchess.com"]
[Source "ChessBase"]
[SourceQuality "1"]
[TimeControl "40/5400+30:1800+30"]

1. d4 {[%emt 0:00:03]} Nf6 {[%emt 0:03:17]} 2. c4 {[%emt 0:00:12]} e6 {[%emt 0:
00:24]} 3. Nc3 {[%emt 0:00:19]} Bb4 {[%emt 0:01:09]} 4. Qc2 {[%emt 0:00:27]} d5
{[%emt 0:00:25]} 5. cxd5 {[%emt 0:00:26]} exd5 {[%emt 0:00:09]} 6. Bg5 {
[%emt 0:00:36]} h6 {[%emt 0:00:21]} 7. Bh4 {[%emt 0:00:10]} O-O {[%emt 0:06:25]
} 8. e3 {[%emt 0:01:07]} Be6 {[%emt 0:01:12]} 9. a3 {[%emt 1:31:40]} Be7 {
[%emt 0:00:26]} 10. Nf3 {[%emt 0:00:00]} Nbd7 {[%emt 0:01:57]} 11. Bd3 {
[%emt 0:00:00]} c5 {[%emt 0:02:04]} 12. dxc5 {[%emt 0:00:00]} Nxc5 {[%emt 0:00:
41]} 13. Nd4 {[%emt 0:00:00]} Rc8 {[%emt 0:01:16]} 14. f3 {[%emt 0:00:00]} Nfd7
{[%emt 0:12:17]} 15. Bxe7 {[%emt 0:00:00]} Qxe7 {[%emt 0:03:02]} 16. f4 {
[%emt 0:00:00]} Nf6 {[%emt 0:03:10]} 17. Qd2 {[%emt 0:00:00]} Bd7 {[%emt 0:02:
56]} 18. O-O {[%emt 0:00:00]} Rfe8 {[%emt 0:02:06]} 19. Rfe1 {[%emt 0:00:00]}
Qd6 {[%emt 0:06:54]} 20. Rad1 {[%emt 0:00:00]} Qb6 {[%emt 0:03:52]} 21. Bb1 {
[%emt 0:00:00]} a5 {[%emt 0:06:45]} 22. h3 {[%emt 0:00:00]} h5 {[%emt 0:02:05]}
23. Qf2 {[%emt 0:00:00]} Na4 {[%emt 0:04:27]} 24. Nxa4 {[%emt 0:00:00]} Bxa4 {
[%emt 0:00:06]} 25. Rc1 {[%emt 0:00:00]} Bd7 {[%emt 0:00:23]} 26. Qd2 {[%emt 0:
00:00]} Kf8 {[%emt 0:00:51]} 27. Rxc8 {[%emt 0:00:00]} Rxc8 {[%emt 0:00:17]}
28. Rc1 {[%emt 0:00:00]} Rxc1+ {[%emt 0:00:17]} 29. Qxc1 {[%emt 0:00:00]} Qd6 {
[%emt 0:00:13]} 30. Qc3 {[%emt 0:00:00]} b6 {[%emt 0:00:16]} 1/2-1/2

[Event "36th European Club Cup 2021"]
[Site "Struga"]
[Date "2021.09.22"]
[Round "5.45"]
[White "Breder, Dennis"]
[Black "Kanyamarala, Tarun"]
[Result "1/2-1/2"]
[WhiteElo "2463"]
[BlackElo "2275"]
[Annotator "TA"]
[PlyCount "160"]
[EventDate "2021.09.18"]
[EventType "team-tourn"]
[EventCountry "MKD"]
[SourceTitle "playchess.com"]
[Source "ChessBase"]
[SourceQuality "1"]

{[%evp 9,160,10,17,7,17,16,36,35,30,23,57,43,50,38,47,6,21,17,15,0,41,41,41,41,
43,45,58,41,41,45,53,44,47,48,47,59,72,53,73,70,71,72,68,64,76,75,77,77,77,77,
84,71,77,59,77,77,77,77,77,77,77,77,78,77,77,77,77,77,81,91,95,95,95,93,106,
103,108,106,104,95,95,91,95,0,99,77,114,101,108,106,128,106,112,103,111,14,18,
0,0,0,0,0,0,0,0,0,54,54,109,118,125,134,668,360,347,195,166,8,33,0,0,0,0,0,0,0,
0,0,0,0,0,0,0,0,0,0,2590,2500,2296,1978,1957,1937,1267,584,580,0,0,0,0,0,0,0,0]
} 1. e4 c5 2. Nf3 Nc6 3. Bb5 g6 4. O-O Bg7 5. d3 e5 6. Bxc6 {B31: Sicilian: 2..
.Nc6 3 Bb5 g6.} bxc6 {has lost popularity (6...dxc6).} 7. c3 Ne7 8. Be3 {
White is slightly better.} d6 9. d4 cxd4 10. cxd4 Bg4 11. dxe5 $1 Bxe5 {[#]}
12. Nc3 $146 ({Predecessor:} 12. Nbd2 O-O {1/2-1/2 (12) Moreno Estebanez,P 
(2068)-Franco Alonso,A (2440) Azpeitia 2017}) 12... f5 13. Bd4 Bxf3 14. gxf3
Bxd4 15. Qxd4 O-O 16. Rad1 fxe4 17. fxe4 d5 18. exd5 Nxd5 19. Nxd5 Qg5+ 20. Kh1
{Strongly threatening Nc7.} cxd5 21. Qxd5+ Qxd5+ 22. Rxd5 $14 {[%mdl 4096]
Endgame KRR-KRR} Rab8 23. Rd2 Rb5 24. Rc1 Rf7 25. Rc3 Kg7 26. Rcd3 Rbf5 27. Kg2
Kh6 28. b3 Rg5+ 29. Kf1 Rgf5 30. h3 Rf4 31. Kg2 R4f5 32. Rd5 Rf4 33. Ra5 Kg7
34. a3 Kh6 35. b4 Kg7 36. Rc2 Kh6 37. Rac5 Rf3 38. R5c3 R3f5 39. a4 Rg5+ 40.
Rg3 Rgf5 41. Rg4 Kg7 42. Rgc4 Kh6 43. b5 Rg5+ 44. Kf1 Rgf5 45. Rc8 Rf4 46. R8c4
R4f5 $1 47. Rb2 Rh5 48. Kg2 Rg5+ 49. Rg4 Rgf5 50. Rh4+ Kg5 51. Rc4 Kh6 52. a5 (
52. f4 $16) 52... Rb7 $1 $11 53. a6 Rbxb5 54. Rxb5 Rxb5 {KR-KR} 55. Rc7 Ra5 56.
Rxa7 {aiming for h4.} g5 57. Kf3 {Black must now prevent Ke4.} Ra4 (57... Kg6
$11) 58. Ke3 $1 $14 {[%cal Re3d3]} Kg6 {[#]} 59. Kd3 $1 Kf5 60. Kc3 ({But not} 
60. Rxh7 $6 Rxa6 61. Ke2 Ra3 $11) 60... Ke4 $2 {[%mdl 8192]} (60... Ra1 $16 61.
Ra8 Kg6) 61. Kb3 Ra1 62. Kb4 ({Weaker is} 62. Rxh7 Rxa6 63. Rh5 Rf6 $11) (62.
Kc4 $142) 62... h5 $18 {[#]} 63. Kb5 $2 ({White has to play} 63. Re7+ $1 $18
Kd5 64. Kb5 Rb1+ 65. Ka5) 63... Rb1+ $1 $11 64. Kc6 Rc1+ 65. Kb6 Rb1+ 66. Kc7 {
And now Rb7 would win.} Kf3 67. Ra8 (67. Rb7 {seems wilder.} Ra1 68. Kb6 Kxf2
69. Rg7 Rb1+ 70. Kc7) 67... Ra1 68. Kb7 Rb1+ 69. Kc6 Rc1+ 70. Kd5 Ra1 71. a7 {
Threatens to win with Rf8+.} Kg2 72. f4 Ra5+ $2 {[%mdl 8192]} (72... gxf4 $11
73. h4 Kh3) 73. Ke4 $18 Ra4+ 74. Kd3 Ra3+ 75. Kc2 g4 76. hxg4 (76. f5 $142)
76... h4 77. Rh8 $2 (77. f5 $18 h3 78. g5) 77... Rxa7 $11 {The position is
equal.} 78. Rxh4 Kg3 79. Rh6 Kxf4 80. g5 Kxg5 {Weighted Error Value: White=0.
09/Black=0.20} 1/2-1/2

[Event "36th European Club Cup 2021"]
[Site "Struga"]
[Date "2021.09.22"]
[Round "5.46"]
[White "Kanyamarala, Trisha"]
[Black "Brunner, Nicolas"]
[Result "0-1"]
[WhiteElo "2093"]
[BlackElo "2425"]
[Annotator "TA"]
[PlyCount "128"]
[EventDate "2021.09.18"]
[EventType "team-tourn"]
[EventCountry "MKD"]
[SourceTitle "playchess.com"]
[Source "ChessBase"]
[SourceQuality "1"]

{[%evp 13,128,0,-3,0,-3,-7,0,0,2,0,0,-16,-33,-28,-27,-21,0,0,0,0,0,-31,-31,-35,
-31,-53,-56,-58,-64,-65,-66,-66,-66,-66,-66,-66,-66,-102,-106,-137,-120,-175,
-175,-186,-200,-218,-200,-290,-290,-290,-290,-283,-279,-269,-270,-533,-539,
-539,-492,-480,0,-394,-394,-389,-378,-740,-346,-1066,-847,-796,-384,-1296,
-1196,-994,-972,-614,-606,-4894,-896,-12839,-12839,-12840,-12840,-12841,-12841,
-12842,-12843,-12843,-12843,-12844,-12844,-12845,-12844,-12845,-12846,-12846,
-12847,-27999,-27999,-27999,-27999,-27999,-27999,-27999,-27999,-27999,-27999,
-27999,-27999,-27999,-27999,-27999,-27999,-27999,-27999,-27999,-27999]} 1. d4 {
Krasenkow,M} Nf6 2. c4 e6 3. Nc3 Bb4 4. e3 O-O 5. Bd2 d5 6. Nf3 b6 7. cxd5 exd5
8. Rc1 {E51: Nimzo-Indian: Rubinstein: 4...0-0 5 Nf3 d5.} Bb7 9. Bd3 Be7 $1 {
[%mdl 4] is more profitable than 9...a6 at the moment.} 10. O-O {The position
is equal.} c5 11. Ne5 Nc6 12. f4 cxd4 13. Nxc6 Bxc6 14. exd4 {[#]} Bb4 $146 ({
Predecessor:} 14... b5 15. f5 Qb6 16. Ne2 b4 17. Bg5 h6 18. Bxf6 Bxf6 19. Kh1
Rac8 20. Nf4 Bb7 21. Rxc8 Rxc8 {0-1 (29) Krasenkow,M (2628)-Wojtaszek,R (2750)
Warsaw 2018 CBM 185 [Krasenkow,M]}) 15. Nb1 Bxd2 16. Nxd2 Qd6 17. Qf3 Rfe8 18.
a3 Ne4 19. Rfd1 Ba4 20. Bc2 Bxc2 21. Rxc2 Nxd2 22. Rdxd2 Re4 23. g3 Rae8 24.
Re2 g6 25. Kg2 {Black converts the advantage convincingly.} Qf6 26. Red2 Rxd4
27. Qc3 (27. f5 $17) 27... Rxd2+ $19 28. Qxd2 {[%mdl 4096] Endgame KQR-KQR} Qf5
29. Rc1 h5 30. h4 (30. Kf2 {was necessary.}) 30... Qe4+ 31. Kf2 d4 32. Rc4 Rd8
({Don't take} 32... Qh1 33. Rxd4 Qh2+ 34. Kf1 $17) 33. a4 Qh1 {[#] Strongly
threatening ...Qh2+.} 34. Qe2 $2 (34. Qd3 {was the only chance.} Qh2+ 35. Kf1)
34... d3 35. Qe7 Qh2+ 36. Kf1 Qh1+ 37. Kf2 Qd5 38. Rc1 Qd4+ 39. Kf1 $2 (39. Kf3
) 39... Kg7 (39... d2 $142 40. Rd1 Qc4+ 41. Kg2 Qc6+ 42. Kf2 Rd3) 40. f5 $2 (
40. Qe5+ Qxe5 41. fxe5) 40... d2 41. Rd1 Qf6 (41... Rd5 $142 42. f6+ Qxf6+ 43.
Qxf6+ Kxf6) 42. Qxf6+ (42. Qe4) 42... Kxf6 43. fxg6 fxg6 {KR-KR} 44. Ke2 Kf5
45. Kf3 a5 (45... Rd3+ $142 46. Ke2 Rxg3) 46. Kf2 Ke4 47. Ke2 Rd7 48. b3 Rd8
49. Rxd2 Rxd2+ 50. Kxd2 {KP-KP} Kf3 51. Kc3 Kxg3 52. Kc4 Kxh4 53. Kb5 g5 54.
Kxb6 g4 55. Kxa5 {KPP-KPP} g3 {Black mates.} 56. b4 g2 57. b5 g1=Q 58. b6 Qc5+
59. Ka6 Qc4+ {[%mdl 64] [#] Double Attack} 60. Ka5 Qc5+ 61. Ka6 Qc6 62. a5 Qa8+
63. Kb5 Kg5 {( -> ...h4)} 64. a6 h4 {Weighted Error Value: White=0.78/Black=0.
42} 0-1

[Event "36th European Club Cup 2021"]
[Site "Struga"]
[Date "2021.09.22"]
[Round "5.47"]
[White "Haag, Gregor"]
[Black "Pein, Jonathan"]
[Result "1/2-1/2"]
[WhiteElo "2370"]
[BlackElo "2254"]
[Annotator "NA"]
[PlyCount "70"]
[EventDate "2021.09.18"]
[EventType "team-tourn"]
[EventCountry "MKD"]
[SourceTitle "playchess.com"]
[Source "ChessBase"]
[SourceQuality "1"]
[TimeControl "40/5400+30:1800+30"]

1. d4 {[%emt 0:00:03]} d5 {[%emt 0:00:04]} 2. c4 {[%emt 0:00:13]} e6 {[%emt 0:
00:07]} 3. Nf3 {[%emt 0:00:24]} Nf6 {[%emt 0:00:12]} 4. Nc3 {[%emt 0:00:29]}
Nbd7 {[%emt 0:00:14]} 5. Bg5 {[%emt 0:01:19]} Bb4 {[%emt 0:00:25]} 6. e3 {
[%emt 0:08:15]} c5 {[%emt 0:00:09]} 7. cxd5 {[%emt 0:08:06]} exd5 {[%emt 0:00:
06]} 8. Bd3 {[%emt 0:05:25]} Qa5 {[%emt 0:00:24]} 9. Qc2 {[%emt 0:00:30]} O-O {
[%emt 0:00:22]} 10. O-O {[%emt 0:00:47]} c4 {[%emt 0:00:04]} 11. Bf5 {[%emt 0:
00:48]} Re8 {[%emt 0:00:26]} 12. Nd2 {[%emt 0:03:16]} g6 {[%emt 0:00:23]} 13.
Bxd7 {[%emt 0:01:01]} Nxd7 {[%emt 0:00:07]} 14. h4 {[%emt 0:00:53]} Nb6 {
[%emt 0:11:14]} 15. f3 {[%emt 0:09:03]} Bd7 {[%emt 0:07:39]} 16. e4 {[%emt 0:
14:30]} Rac8 {[%emt 0:03:10]} 17. Rac1 {[%emt 0:20:04]} Bf8 {[%emt 0:09:02]}
18. exd5 {[%emt 0:08:00]} Nxd5 {[%emt 0:14:16]} 19. Nde4 {[%emt 0:04:16]} Bg7 {
[%emt 0:02:28]} 20. Qd2 {[%emt 0:05:30]} Rc6 {[%emt 0:05:53]} 21. Nc5 {[%emt 0:
04:09]} Bxd4+ {[%emt 0:05:32]} 22. Qxd4 {[%emt 0:00:07]} Qxc5 {[%emt 0:00:06]}
23. Qxc5 {[%emt 0:01:11]} Rxc5 {[%emt 0:00:00]} 24. Ne4 {[%emt 0:00:37]} Rc6 {
[%emt 0:01:00]} 25. Rfd1 {[%emt 0:00:50]} Be6 {[%emt 0:02:00]} 26. Rd4 {
[%emt 0:01:13]} f5 {[%emt 0:02:05]} 27. Rxd5 {[%emt 0:02:14]} Bxd5 {[%emt 0:10:
16]} 28. Nf6+ {[%emt 0:00:05]} Rxf6 {[%emt 0:00:05]} 29. Bxf6 {[%emt 0:00:03]}
Kf7 {[%emt 0:04:51]} 30. Bc3 {[%emt 0:00:08]} b5 {[%emt 0:10:22]} 31. Rd1 {
[%emt 0:00:52]} Rd8 {[%emt 0:02:14]} 32. Bb4 {[%emt 0:00:52]} Rd7 {[%emt 0:01:
35]} 33. Kf2 {[%emt 0:00:26]} Ke6 {[%emt 0:03:17]} 34. Re1+ {[%emt 0:00:27]}
Kf7 {[%emt 0:00:51]} 35. Rd1 {[%emt 0:00:04]} Ke6 {[%emt 0:02:09]} 1/2-1/2